Smery a nástroje zahraničnoobchodnej politiky bakalárska práca

Gespeichert in:
Bibliographische Detailangaben
1. Verfasser: Juhasová, Dominika
Körperschaft: Podnikovohospodárska fakulta EU so sídlom v Košiciach. Katedra obchodného podnikania
Weitere Verfasser: Zuzik, Jozef, 1985-
Format: Buch
Sprache:Slowakisch
Veröffentlicht: Košice 2021
Tags: Tag hinzufügen
Keine Tags, Fügen Sie das erste Tag hinzu!

MARC

LEADER 00000nbm a2200000 4500
001 0274954
005 20220330134729.2
041 0 |a slo 
044 |a SK 
245 1 0 |a Smery a nástroje zahraničnoobchodnej politiky  |b bakalárska práca  |c Dominika Juhasová ; školiteľ: Jozef Zuzik 
264 1 |a Košice  |c 2021 
300 |a 54 s. 
100 1 |a Juhasová, Dominika 
700 1 |a Zuzik, Jozef, 1985- 
710 2 |a Podnikovohospodárska fakulta EU so sídlom v Košiciach. Katedra obchodného podnikania